| 000 -LEADER |
| fixed length control field |
01207nam a22002297a 4500 |
| 005 - DATE AND TIME OF LATEST TRANSACTION |
| control field |
20240205114504.0 |
| 008 - FIXED-LENGTH DATA ELEMENTS--GENERAL INFORMATION |
| fixed length control field |
240205b ||||| |||| 00| 0 eng d |
| 020 ## - INTERNATIONAL STANDARD BOOK NUMBER |
| International Standard Book Number |
9780241237236 |
| 040 ## - CATALOGING SOURCE |
| Transcribing agency |
KH8 |
| 082 ## - DEWEY DECIMAL CLASSIFICATION NUMBER |
| Classification number |
428.6 MAR |
| 100 ## - MAIN ENTRY--PERSONAL NAME |
| Personal name |
March, Julia |
| Relator term |
Author |
| 245 ## - TITLE STATEMENT |
| Title |
Monster battles |
| Statement of responsibility, etc. |
Julia March |
| 260 ## - PUBLICATION, DISTRIBUTION, ETC. |
| Place of publication, distribution, etc. |
London, |
| Name of publisher, distributor, etc. |
Dorling Kindersley Limited, |
| Date of publication, distribution, etc. |
2016 |
| 300 ## - PHYSICAL DESCRIPTION |
| Extent |
1 volume |
| 440 ## - SERIES STATEMENT/ADDED ENTRY--TITLE |
| Title |
DK reads |
| 500 ## - GENERAL NOTE |
| General note |
At head of title: LEGO Nexo Knights |
| 520 ## - SUMMARY, ETC. |
| Summary, etc. |
Join the LEGO Nexo Knights as they master Nexo Powers and battle fearsome fire monsters in DK Reader L3: Lego Nexo Knights: Monster Battles. Meet a group of brave knights as they embark on an epic adventure to stop a villainous jester and his band of monsters from taking over the kingdom. Learn about the exciting realm of Knighton and what it takes to graduate from Knights' Academy, go on thrilling quests and engage in heroic battles against beastly, magical monsters. Set at the 'Starting to Read Alone' level, DK Reader L3: Lego Nexo Knights: Monster Battles is a thrilling read for new readers |
| 650 ## - SUBJECT ADDED ENTRY--TOPICAL TERM |
| Topical term or geographic name entry element |
Children's nonfiction |
| 650 ## - SUBJECT ADDED ENTRY--TOPICAL TERM |
| Topical term or geographic name entry element |
Children's stories |
| 650 ## - SUBJECT ADDED ENTRY--TOPICAL TERM |
| Topical term or geographic name entry element |
Fantasy fiction |
| 942 ## - ADDED ENTRY ELEMENTS (KOHA) |
| Source of classification or shelving scheme |
|
| Koha item type |
Books - Non Ficton |